000 00598nam a22002297a 4500
003 UA-OsUOA
001 135633
007 ta
008 20190208b un ||||| |||| 00| 0 ukr d
100 _aПрокоп Д.
090 _a82-94
_bП80
942 _cBK
040 _aUA-OsUOA
_bukr
_cUA-OsUOA
_dUA-OsUOA
245 _aСпомини вчителя-піонера
300 _a94 с.
955 _a3
041 _aukr
080 _a82-94
260 _aВінніпег
_bТризуб
_c1979
650 7 _a82 Література. Літературознавство
_2UDC
999 _c421969
_d421969